Biện pháp quản lý hoạt động giáo dục ngoài giờ lên lớp của Hiệu trưởng các trường THPT huyện Sơn Hà tỉnh Quảng Ngãi
Cơ sở lý luận về quản lý các hoạt động giáo dục ngoài giờ lên lớp tại các trường THPT huyện Sơn Hà tỉnh Quảng Ngãi; Thực trạng quản lý hoạt động giáo dục ngoài giờ lên lớp tại các trường THPT huyện Sơn Hà tỉnh Quảng Ngãi; Các biện pháp quản lý nhằm nâng cao hiệu quả hoạt động giáo dục ngoài giờ lên...
Đã lưu trong:
| Hovedforfatter: | |
|---|---|
| Andre forfattere: | |
| Format: | Bog |
| Udgivet: |
Đà Nẵng
Đại học Đà Nẵng
2012
|
| Fag: | |
| Tags: |
Tilføj Tag
Ingen Tags, Vær først til at tagge denne postø!
|
| Thư viện lưu trữ: | Mạng thư viện Đại học Đà Nẵng |
|---|
| LEADER | 02011nam a2200313 4500 | ||
|---|---|---|---|
| 001 | 000017700 | ||
| 003 | 14125 | ||
| 005 | 20130903090943.0 | ||
| 008 | 130516s2012 sd | ||
| 082 | |a 373.1384 |b LƯ-H | ||
| 100 | |a Lưu Thanh Hải | ||
| 245 | |a Biện pháp quản lý hoạt động giáo dục ngoài giờ lên lớp của Hiệu trưởng các trường THPT huyện Sơn Hà tỉnh Quảng Ngãi |c Lưu Thanh Hải ; Huỳnh Thị Thu Hằng hướng dẫn. |k Luận văn Thạc sĩ | ||
| 260 | |a Đà Nẵng |b Đại học Đà Nẵng |c 2012 | ||
| 300 | |a 116 tr., phụ lục 15 tr. |c 29 cm. |e Đĩa CD, tài liệu tóm tắt | ||
| 500 | |a Luận văn thạc sĩ Giáo dục học. Chuyên ngành : Quản lý giáo dục. Mã số: 60.14.05. | ||
| 520 | |a Cơ sở lý luận về quản lý các hoạt động giáo dục ngoài giờ lên lớp tại các trường THPT huyện Sơn Hà tỉnh Quảng Ngãi; Thực trạng quản lý hoạt động giáo dục ngoài giờ lên lớp tại các trường THPT huyện Sơn Hà tỉnh Quảng Ngãi; Các biện pháp quản lý nhằm nâng cao hiệu quả hoạt động giáo dục ngoài giờ lên lớp ở các trường THPT trên địa bàn huyện Sơn Hà tỉnh Quảng Ngãi... | ||
| 650 | 0 | 4 | |a Giáo dục THPT |v Luận văn tốt nghiệp |x Hoạt động ngoài giờ |x Quản lí |z Quảng Ngãi |
| 653 | |a Hoạt động ngoài giờ |a Giáo dục THPT |a Quản lý giáo dục | ||
| 700 | |a Hùynh Thị Thu Hằng |c T.S |e Hướng dẫn | ||
| OWN | |a LSP | ||
| AVA | |a UDN50 |b LSP |d 373.1384 LƯ-H |e available |t Error 5001 Not defined in file expand_doc_bib_avail. |f 1 |g 0 |h N |i 0 |k 1 | ||
| 999 | |a From the UDN01 | ||
| AVA | |a UDN50 |b LSP |d 373.1384 LƯ-H |e available |t Error 5001 Not defined in file expand_doc_bib_avail. |f 1 |g 0 |h N |i 0 |k 1 | ||
| TYP | |a Monograph | ||
| TYP | |a Printed language | ||
| 980 | |a Mạng thư viện Đại học Đà Nẵng | ||